000
00301nam a22001337a 4500
008
170307b xxu||||| |||| 00| 0 eng d
020
_a
9780323025232
041
_a
eng
080
_2
2ND
_a
611
100
_a
6
101
_a
SHM
245
_a
THE MUSCULAR SYSTEM MANUAL
_c
MUSCOLINO, JE
942
_2
udc
_c
BK
999
_c
7031
_d
7031